[Event "Grand Pacific op"]
[Site "Victoria CAN"]
[Date "2008.03.24"]
[Round "6"]
[White "Raymer, Elliot"]
[Black "Jensen, Jacob"]
[Result "1-0"]
[WhiteElo "1796"]
[BlackElo "1370"]
[PlyCount "113"]
[GameId "2160767910413028"]
[EventDate "2008.03.21"]
[EventType "swiss"]
[EventRounds "6"]
[EventCountry "CAN"]
[SourceTitle "EXT 2011"]
[Source "ChessBase"]
[SourceDate "2011.11.26"]
[SourceVersion "1"]
[SourceVersionDate "2011.11.26"]
[SourceQuality "1"]

1. e4 c5 2. d4 cxd4 3. c3 dxc3 4. Nxc3 d6 5. Nf3 Nf6 6. Bc4 e6 7. e5 dxe5 8. Qxd8+ Kxd8 9. Nxe5 Ke8 10. Nb5 Bb4+ 11. Bd2 Bxd2+ 12. Kxd2 Na6 13. Nd6+ Ke7 14. Ndxf7 Rf8 15. Bxa6 bxa6 16. Ng5 h6 17. Ng6+ Ke8 18. Nxf8 Kxf8 19. Nf3 Bb7 20. Rac1 Rd8+ 21. Ke2 Bxf3+ 22. gxf3 Nd5 23. Rc6 Ke7 24. Rxa6 Nf4+ 25. Ke3 Nd5+ 26. Ke4 Nf6+ 27. Kf4 g5+ 28. Kg3 Nh5+ 29. Kg4 Nf6+ 30. Kh3 Rd4 31. Rxa7+ Kf8 32. Rc1 h5 33. Rc8+ Ne8 34. Raa8 g4+ 35. fxg4 hxg4+ 36. Kg3 Kf7 37. Rxe8 Rd2 38. Rab8 Rd1 39. Kg2 Ra1 40. Ra8 Rb1 41. Reb8 Ke7 42. a4 Kd7 43. b4 Kc6 44. b5+ Kc5 45. b6 Rxb6 46. Rxb6 Kxb6 47. Rd8 Ka5 48. Rd4 e5 49. Rxg4 Ka6 50. h4 e4 51. h5 e3 52. fxe3 Ka5 53. h6 Ka6 54. h7 Ka5 55. h8=Q Ka6 56. Qb8 Ka5 57. Qb5# 1-0

[Event "Grand Pacific op"]
[Site "Victoria CAN"]
[Date "2008.03.24"]
[Round "6"]
[White "Wu, Howard"]
[Black "Patterson, Roger"]
[Result "1/2-1/2"]
[WhiteElo "2257"]
[BlackElo "2140"]
[PlyCount "47"]
[GameId "2160767910413029"]
[EventDate "2008.03.21"]
[EventType "swiss"]
[EventRounds "6"]
[EventCountry "CAN"]
[SourceTitle "EXT 2011"]
[Source "ChessBase"]
[SourceDate "2011.11.26"]
[SourceVersion "1"]
[SourceVersionDate "2011.11.26"]
[SourceQuality "1"]

1. d4 d5 2. Nf3 Nf6 3. c4 e6 4. g3 Be7 5. Bg2 O-O 6. O-O b6 7. Nc3 Bb7 8. Ne5 Na6 9. Qa4 Qe8 10. Qb3 c5 11. e3 cxd4 12. exd4 dxc4 13. Qxc4 Bxg2 14. Kxg2 Qc8 15. Qa4 Nb4 16. Bg5 Qb7+ 17. Kg1 Nbd5 18. Qc6 Qxc6 19. Nxc6 Rfe8 20. Nxe7+ Nxe7 21. Bxf6 gxf6 22. Rfd1 Rad8 23. Rac1 Rd7 24. Ne4 1/2-1/2

[Event "Grand Pacific op"]
[Site "Victoria CAN"]
[Date "2008.03.24"]
[Round "6.4"]
[White "Daniluk, Jim"]
[Black "Davies, Noam"]
[Result "1-0"]
[WhiteElo "2053"]
[BlackElo "2209"]
[PlyCount "56"]
[GameId "2160767910413030"]
[EventDate "2008.03.21"]
[EventType "swiss"]
[EventRounds "6"]
[EventCountry "CAN"]

1. e4 c5 2. Nf3 Nc6 3. d4 cxd4 4. Nxd4 Nf6 5. Nc3 e5 6. Ndb5 d6 7. Bg5 a6 8. Na3 b5 9. Bxf6 gxf6 10. Nd5 Bg7 11. c4 O-O 12. cxb5 Nd4 13. bxa6 Bxa6 14. Bxa6 Rxa6 15. O-O Qb8 16. Nc4 Qb7 17. g4 Rfa8 18. a4 Nb3 19. Ra3 Nc5 20. b4 Nxe4 21. f3 Ng5 22. b5 Ra5 23. Nxd6 Nh3+ 24. Kh1 Rxa4 25. Nxb7 Rxa3 26. Qc1 Ra2 27. Qc8+ Bf8 28. Ne7+ Kg7 1-0

[Event "Grand Pacific op"]
[Site "Victoria CAN"]
[Date "2008.03.24"]
[Round "6.4"]
[White "Davies, Noam"]
[Black "Daniluk, Jim"]
[Result "1-0"]
[WhiteElo "2209"]
[BlackElo "2053"]
[PlyCount "57"]
[GameId "2160767910413031"]
[EventDate "2008.03.21"]
[EventType "swiss"]
[EventRounds "6"]
[EventCountry "CAN"]

1. e4 c5 2. Nf3 Nc6 3. d4 cxd4 4. Nxd4 Nf6 5. Nc3 e5 6. Ndb5 d6 7. Bg5 a6 8. Na3 b5 9. Bxf6 gxf6 10. Nd5 Bg7 11. c4 O-O 12. cxb5 Nd4 13. bxa6 Bxa6 14. Bxa6 Rxa6 15. O-O Qb8 16. Nc4 Qb7 17. g4 Rfa8 18. a4 Nb3 19. Ra3 Nc5 20. b4 Nxe4 21. f3 Ng5 22. b5 Rxa4 23. Nxd6 Nh3+ 24. Kh1 Rd4 25. Nxb7 Rxa3 26. Qc1 Ra2 27. Qc8+ Bf8 28. Ne7+ Kg7 29. Nf5+ 1-0

[Event "Grand Pacific op"]
[Site "Victoria CAN"]
[Date "2008.03.24"]
[Round "6.6"]
[White "McLaren, Brian"]
[Black "Li, Changhe"]
[Result "1-0"]
[WhiteElo "2246"]
[BlackElo "1932"]
[PlyCount "59"]
[GameId "2160767910413032"]
[EventDate "2008.03.21"]
[EventType "swiss"]
[EventRounds "6"]
[EventCountry "CAN"]

1. g3 d5 2. Bg2 Nf6 3. d3 c6 4. Nd2 Bf5 5. b3 Nbd7 6. Bb2 e5 7. e4 Be6 8. Qe2 Bd6 9. Ngf3 Qc7 10. h3 h6 11. O-O O-O-O 12. exd5 Bxd5 13. c4 Be6 14. Rfe1 Rde8 15. Nxe5 Bg4 16. hxg4 Nxe5 17. d4 Nexg4 18. Qd3 h5 19. Ne4 h4 20. Nxf6 Nxf6 21. Rxe8+ Rxe8 22. gxh4 Kb8 23. Bc3 Bh2+ 24. Kf1 Qf4 25. d5 Ng4 26. Qf3 cxd5 27. Bxg7 Qd2 28. Rd1 Bf4 29. Qxg4 Qc2 30. Qxf4+ 1-0

[Event "Grand Pacific op"]
[Site "Victoria CAN"]
[Date "2008.03.24"]
[Round "6.8"]
[White "Raymer, Evan"]
[Black "Daswani, Benedict"]
[Result "0-1"]
[WhiteElo "1878"]
[BlackElo "2078"]
[PlyCount "42"]
[GameId "2160767910413033"]
[EventDate "2008.03.21"]
[EventType "swiss"]
[EventRounds "6"]
[EventCountry "CAN"]

1. e4 g6 2. d4 d6 3. Nc3 Bg7 4. f4 Nf6 5. Nf3 O-O 6. Bd3 Bg4 7. h3 Bxf3 8. Qxf3 e5 9. d5 exf4 10. Bxf4 Nh5 11. Be3 Nd7 12. g4 Nhf6 13. Be2 Nc5 14. Qf2 a6 15. O-O-O b5 16. Bg5 h6 17. Bh4 g5 18. Bg3 b4 19. Na4 Ncxe4 20. Qg2 Nxg3 21. Qxg3 Nxg4 0-1

[Event "Grand Pacific op"]
[Site "Victoria CAN"]
[Date "2008.03.24"]
[Round "6.9"]
[White "Kostin, Andrey"]
[Black "Cheng, Jack"]
[Result "1/2-1/2"]
[WhiteElo "2043"]
[BlackElo "1885"]
[PlyCount "57"]
[GameId "2160767910413034"]
[EventDate "2008.03.21"]
[EventType "swiss"]
[EventRounds "6"]
[EventCountry "CAN"]

1. e4 e5 2. Nf3 Nc6 3. Bb5 a6 4. Ba4 Nf6 5. O-O b5 6. Bb3 Bb7 7. c3 Nxe4 8. d4 Na5 9. Bc2 exd4 10. Re1 d5 11. Ng5 Be7 12. Nxe4 dxe4 13. Bxe4 Bxe4 14. Rxe4 O-O 15. Rxd4 Qc8 16. Bf4 c5 17. Re4 Rd8 18. Qe2 Bf6 19. Nd2 h6 20. Re1 c4 21. Nf3 Nb7 22. Be5 Bxe5 23. Nxe5 Nc5 24. Re3 Qc7 25. Qh5 Rd5 26. Ng6 Rxh5 27. Re8+ Kh7 28. Nf8+ Kg8 29. Ng6+ 1/2-1/2

[Event "Grand Pacific op"]
[Site "Victoria CAN"]
[Date "2008.03.24"]
[Round "6.10"]
[White "Cletheroe, Kelvin"]
[Black "Morin, Glenn"]
[Result "1-0"]
[WhiteElo "1645"]
[BlackElo "2276"]
[PlyCount "23"]
[GameId "2160767910413035"]
[EventDate "2008.03.21"]
[EventType "swiss"]
[EventRounds "6"]
[EventCountry "CAN"]

1. e4 d5 2. Nc3 d4 3. Nce2 c5 4. Ng3 Nc6 5. Bc4 a6 6. a3 Nf6 7. d3 h5 8. Nf3 Bg4 9. Ba2 h4 10. Nf1 h3 11. g3 Ne5 12. Nxe5 1-0

[Event "Grand Pacific op"]
[Site "Victoria CAN"]
[Date "2008.03.24"]
[Round "6.11"]
[White "Moore, Harry"]
[Black "Han, Yiming"]
[Result "1-0"]
[WhiteElo "2288"]
[BlackElo "1831"]
[PlyCount "59"]
[GameId "2160767910413036"]
[EventDate "2008.03.21"]
[EventType "swiss"]
[EventRounds "6"]
[EventCountry "CAN"]

1. d4 d5 2. c4 e6 3. Nc3 Nf6 4. Bg5 Be7 5. e3 h6 6. Bh4 O-O 7. Nf3 b6 8. Bxf6 Bxf6 9. cxd5 exd5 10. Qc2 Bb7 11. g4 c5 12. O-O-O Nc6 13. h4 cxd4 14. exd4 Nb4 15. Qb1 Qc7 16. Rd2 Qf4 17. Qf5 Qxf5 18. gxf5 Rfd8 19. Kb1 Bc8 20. Bh3 a6 21. Ne5 Bb7 22. f4 Bxh4 23. Bg2 Bf6 24. a3 Nc6 25. Bxd5 Bxe5 26. dxe5 Na5 27. Bxb7 Nxb7 28. Rg2 Kh7 29. f6 gxf6 30. Ne4 1-0

[Event "Grand Pacific op"]
[Site "Victoria CAN"]
[Date "2008.03.24"]
[Round "6.12"]
[White "Sohal, Tanraj"]
[Black "Huang, Richard"]
[Result "1-0"]
[WhiteElo "1825"]
[BlackElo "1977"]
[PlyCount "119"]
[GameId "2160767910413037"]
[EventDate "2008.03.21"]
[EventType "swiss"]
[EventRounds "6"]
[EventCountry "CAN"]

1. d4 d5 2. c4 c6 3. cxd5 cxd5 4. Nc3 Nf6 5. Bf4 Nc6 6. e3 e6 7. a3 Bd6 8. Bxd6 Qxd6 9. Nf3 O-O 10. Be2 Bd7 11. O-O Rac8 12. Nb5 Qb8 13. Rc1 Ne4 14. Nd2 f5 15. f4 Ne7 16. Nxe4 dxe4 17. Qb3 Nd5 18. Bc4 Bc6 19. Rfe1 a6 20. Nc3 Qd6 21. Bxd5 exd5 22. Qc2 Qd7 23. Qe2 Rc7 24. Rc2 Rfc8 25. Rec1 b5 26. Na2 Bb7 27. Qd2 Rxc2 28. Rxc2 Rc4 29. b3 Rxc2 30. Qxc2 Qe7 31. Qc5 Qxc5 32. dxc5 Kf7 33. b4 h6 34. Nc1 Bc6 35. Nb3 g6 36. Kf2 Kf6 37. Nd4 Be8 38. Ke2 g5 39. g3 Bh5+ 40. Kd2 Be8 41. Kc3 Bd7 42. Nb3 gxf4 43. gxf4 Ke6 44. Kd4 Be8 45. Na5 Bh5 46. Nc6 Kd7 47. Na5 Ke6 48. Nb7 Be8 49. c6 Bxc6 50. Nd8+ Kd6 51. Nxc6 Kxc6 52. Ke5 h5 53. h3 h4 54. Kxf5 Kd6 55. Kg4 Ke6 56. Kxh4 d4 57. exd4 Kd5 58. Kg3 Kxd4 59. Kf2 Kd3 60. Ke1 1-0

[Event "Grand Pacific op"]
[Site "Victoria CAN"]
[Date "2008.03.24"]
[Round "6.13"]
[White "Forman, Ken"]
[Black "Murray, Mike"]
[Result "1/2-1/2"]
[WhiteElo "1810"]
[BlackElo "1918"]
[PlyCount "51"]
[GameId "2160767910413038"]
[EventDate "2008.03.21"]
[EventType "swiss"]
[EventRounds "6"]
[EventCountry "CAN"]

1. e4 Nc6 2. d4 e5 3. Nf3 exd4 4. Nxd4 Nxd4 5. Qxd4 Ne7 6. Bc4 Nc6 7. Qe3 Bb4+ 8. c3 Ba5 9. O-O Bb6 10. Qg3 Qf6 11. Kh1 d6 12. f4 Qg6 13. Qxg6 hxg6 14. Nd2 Bg4 15. Nf3 f6 16. Bd2 O-O-O 17. Rae1 g5 18. fxg5 Ne5 19. Nxe5 dxe5 20. Be3 Bxe3 21. Rxe3 Rd2 22. gxf6 gxf6 23. b4 Rh6 24. h3 c6 25. Kg1 Rc2 26. b5 1/2-1/2

[Event "Grand Pacific op"]
[Site "Victoria CAN"]
[Date "2008.03.24"]
[Round "6.14"]
[White "Milne, Arthur"]
[Black "Renaud, Joshua"]
[Result "1/2-1/2"]
[WhiteElo "1869"]
[BlackElo "1452"]
[PlyCount "55"]
[GameId "2160767910413039"]
[EventDate "2008.03.21"]
[EventType "swiss"]
[EventRounds "6"]
[EventCountry "CAN"]

1. c4 Nf6 2. g3 g6 3. Bg2 Bg7 4. Nc3 e5 5. e4 d6 6. Nge2 O-O 7. d3 Be6 8. O-O Nc6 9. h3 Nd7 10. Be3 Ne7 11. Qd2 c6 12. Bh6 Qb6 13. Bxg7 Kxg7 14. b3 f5 15. Kh2 Rf7 16. d4 Rf6 17. d5 cxd5 18. Nxd5 Bxd5 19. cxd5 Raf8 20. exf5 Nxf5 21. f4 Qe3 22. Qxe3 Nxe3 23. Rfc1 g5 24. Rc4 R8f7 25. Nc3 exf4 26. Ne4 fxg3+ 27. Kxg3 Rg6 28. Rc7 1/2-1/2

[Event "Grand Pacific op"]
[Site "Victoria CAN"]
[Date "2008.03.24"]
[Round "6.15"]
[White "Tom, Foster"]
[Black "Harris, Philip"]
[Result "1/2-1/2"]
[WhiteElo "1700"]
[BlackElo "1868"]
[PlyCount "67"]
[GameId "2160767910413040"]
[EventDate "2008.03.21"]
[EventType "swiss"]
[EventRounds "6"]
[EventCountry "CAN"]

1. d4 Nf6 2. c4 e6 3. Nc3 Bb4 4. Qc2 c5 5. dxc5 Na6 6. Nf3 Nxc5 7. a3 Bxc3+ 8. Qxc3 O-O 9. Bg5 Nce4 10. Bxf6 Qxf6 11. Qxf6 gxf6 12. e3 b6 13. Bd3 Bb7 14. Nd2 f5 15. b4 Rac8 16. f3 Nxd2 17. Kxd2 d5 18. cxd5 Bxd5 19. Ba6 Rb8 20. Rhc1 Rfd8 21. Ke2 Bb7 22. Bxb7 Rxb7 23. Rc2 Rbd7 24. Rac1 Kg7 25. a4 Rd3 26. Rc7 Rd2+ 27. Kf1 Rb2 28. b5 Rdd2 29. Rxa7 Rf2+ 30. Ke1 Rxg2 31. Kf1 Rxh2 32. Kg1 Rhg2+ 33. Kh1 Rh2+ 34. Kg1 1/2-1/2

[Event "Grand Pacific op"]
[Site "Victoria CAN"]
[Date "2008.03.24"]
[Round "6.16"]
[White "Lai, Peter"]
[Black "Botez, Alexandra"]
[Result "1-0"]
[WhiteElo "1610"]
[BlackElo "1836"]
[PlyCount "71"]
[GameId "2160767910413041"]
[EventDate "2008.03.21"]
[EventType "swiss"]
[EventRounds "6"]
[EventCountry "CAN"]

1. d4 f5 2. g3 g6 3. Bg2 Nf6 4. c4 Bg7 5. Nf3 d6 6. Nc3 O-O 7. O-O c6 8. Bf4 Nh5 9. Bc1 e5 10. dxe5 dxe5 11. Bg5 Qxd1 12. Raxd1 h6 13. Be7 Re8 14. Bd6 e4 15. Nd4 Rd8 16. Nb3 Be6 17. c5 Na6 18. Nd4 Bf7 19. a3 Nf6 20. e3 Ne8 21. g4 Nxd6 22. cxd6 Bc4 23. Rfe1 Rxd6 24. gxf5 Bxd4 25. Nxe4 Rdd8 26. Rxd4 Rxd4 27. exd4 Rd8 28. fxg6 Rxd4 29. f4 Kg7 30. f5 Rd7 31. Ng3 Nc7 32. Nh5+ Kf8 33. f6 Ne8 34. Bh3 Rc7 35. Be6 Nxf6 36. g7+ 1-0

[Event "Grand Pacific op"]
[Site "Victoria CAN"]
[Date "2008.04.24"]
[Round "6.17"]
[White "Tate, William"]
[Black "Bowles, Malcolm"]
[Result "1-0"]
[WhiteElo "1835"]
[BlackElo "1423"]
[PlyCount "103"]
[GameId "2160767910413042"]
[EventDate "2008.03.21"]
[EventType "swiss"]
[EventRounds "6"]
[EventCountry "CAN"]

1. e4 d6 2. d4 Nf6 3. Nc3 e5 4. Nf3 Nbd7 5. Bc4 h6 6. O-O Be7 7. h3 c6 8. a3 O-O 9. Be3 Re8 10. Qd2 Bf8 11. d5 Nb6 12. Ba2 cxd5 13. exd5 Bf5 14. Ne2 Ne4 15. Qc1 Rc8 16. Ng3 Nxg3 17. fxg3 Rxc2 18. Qd1 Rc8 19. Nh4 Bh7 20. Qf3 Re7 21. Nf5 Rec7 22. Qg4 Bxf5 23. Rxf5 g6 24. Rf2 Re7 25. Qe4 Qd7 26. g4 Qa4 27. Qf3 Rc2 28. Raf1 Rxf2 29. Rxf2 Qb5 30. Qe4 Qa4 31. Qf3 Qb5 32. h4 Qd7 33. Bb1 Qe8 34. b3 Bg7 35. Qe4 Nd7 36. g5 h5 37. Bxa7 Qa8 38. Be3 Qe8 39. Rc2 Qb8 40. b4 Nf8 41. Bb6 Re8 42. Bc7 Qa7+ 43. Kh2 Rc8 44. Bxd6 Rxc2 45. Bxc2 Qxa3 46. Bc5 Qa5 47. Bb3 Nd7 48. d6 Qa8 49. Qd5 Qf8 50. Qxb7 Nxc5 51. bxc5 e4 52. Qxe4 1-0

[Event "Grand Pacific op"]
[Site "Victoria CAN"]
[Date "2008.03.24"]
[Round "6.19"]
[White "Ozkan, Charlie"]
[Black "Smith, Catherine"]
[Result "1-0"]
[WhiteElo "1950"]
[BlackElo "1686"]
[PlyCount "61"]
[GameId "2160767910413043"]
[EventDate "2008.03.21"]
[EventType "swiss"]
[EventRounds "6"]
[EventCountry "CAN"]

1. c4 c6 2. g3 Nf6 3. Bg2 e6 4. Nf3 d5 5. b3 Bd6 6. Bb2 Nbd7 7. O-O O-O 8. d4 Re8 9. Qc2 e5 10. dxe5 Nxe5 11. Rd1 Nxf3+ 12. Bxf3 Be5 13. Nc3 Qa5 14. Rac1 Bg4 15. Bxg4 Nxg4 16. cxd5 h5 17. h3 Nxf2 18. Kxf2 Qc5+ 19. Kg2 Bxc3 20. Bxc3 Qb5 21. Rd3 cxd5 22. Qd2 Rac8 23. Bb2 Rcd8 24. Bd4 Re6 25. e3 Rde8 26. Rdc3 Qd7 27. Rc7 Qd6 28. Qf2 R8e7 29. Rxe7 Qxe7 30. Qf4 Qb4 31. Rf1 1-0

[Event "Grand Pacific op"]
[Site "Victoria CAN"]
[Date "2008.03.24"]
[Round "6.20"]
[White "Beaudin, Jesse"]
[Black "Churchill, Sam"]
[Result "1-0"]
[WhiteElo "1945"]
[BlackElo "1672"]
[PlyCount "97"]
[GameId "2160767910413044"]
[EventDate "2008.03.21"]
[EventType "swiss"]
[EventRounds "6"]
[EventCountry "CAN"]

1. d4 Nf6 2. c4 c5 3. d5 b5 4. cxb5 a6 5. Nc3 g6 6. e4 d6 7. bxa6 Bxa6 8. Bxa6 Nxa6 9. Nge2 Bg7 10. O-O O-O 11. a3 Nd7 12. Nf4 Ra7 13. Rb1 Qb8 14. Qc2 Rb7 15. b3 Rc8 16. Na4 Nc7 17. Nc3 Ne5 18. Rd1 Qa8 19. Nd3 Nd7 20. Bb2 Qb8 21. Ba1 Qa8 22. a4 Nb6 23. Nb2 Na6 24. Nc4 Nd7 25. f4 Nb4 26. Qe2 Qa6 27. Nb5 Nb6 28. Bxg7 Kxg7 29. Rbc1 Ra8 30. Nxb6 Qxb6 31. Rc4 Na6 32. e5 dxe5 33. fxe5 Rd8 34. d6 Rbd7 35. Rf1 Qb8 36. Rxf7+ Kxf7 37. e6+ Ke8 38. exd7+ Rxd7 39. Qe6 Rxd6 40. Nxd6+ Qxd6 41. Qxd6 exd6 42. Kf2 Nb4 43. Rh4 h5 44. a5 Kf7 45. Rf4+ Ke7 46. Re4+ Kd7 47. h4 Na6 48. Kf3 Nc7 49. g4 1-0

[Event "Grand Pacific op"]
[Site "Victoria CAN"]
[Date "2008.03.24"]
[Round "6.21"]
[White "Paulson, Stewart"]
[Black "Han, Yifei"]
[Result "0-1"]
[WhiteElo "1574"]
[BlackElo "1846"]
[PlyCount "124"]
[GameId "2160767910413045"]
[EventDate "2008.03.21"]
[EventType "swiss"]
[EventRounds "6"]
[EventCountry "CAN"]

1. e4 e5 2. Nf3 Nc6 3. d4 exd4 4. Nxd4 Nf6 5. Bg5 h6 6. Bh4 g5 7. Nxc6 dxc6 8. Qxd8+ Kxd8 9. e5 Ne4 10. Bg3 Nxg3 11. hxg3 Bg7 12. f4 Re8 13. Nc3 Bg4 14. Be2 Bf5 15. O-O-O+ Ke7 16. g4 Bd7 17. g3 Rad8 18. Rhe1 Kf8 19. Bf3 Bc8 20. Rxd8 Rxd8 21. Rd1 Re8 22. Ne4 a6 23. Rd3 b6 24. Kd2 c5 25. c4 Ke7 26. b3 f6 27. exf6+ Bxf6 28. Nxf6 Kxf6 29. fxg5+ Kxg5 30. Rd5+ Kg6 31. Rd3 Kg5 32. Rd5+ Kf6 33. Rd3 Rg8 34. Ke2 Bxg4 35. Bxg4 Rxg4 36. Kf3 Rd4 37. Ke3 Rxd3+ 38. Kxd3 Kf5 39. Ke3 Kg4 40. Kf2 c6 41. a4 b5 42. Kg2 Kf5 43. Kf3 h5 44. Ke3 Kg4 45. Kf2 h4 46. gxh4 Kxh4 47. Kf3 Kg5 48. Ke3 Kf5 49. Kd3 Kf4 50. Kc3 Ke3 51. cxb5 cxb5 52. a5 Ke4 53. Kc2 Kd4 54. Kb2 Kd3 55. Ka3 Kc3 56. Ka2 b4 57. Ka1 Kxb3 58. Kb1 c4 59. Ka1 c3 60. Kb1 Kc4 61. Kc1 b3 62. Kb1 c2+ 0-1

[Event "Grand Pacific op"]
[Site "Victoria CAN"]
[Date "2008.03.24"]
[Round "6.22"]
[White "Jarquin, Charlie"]
[Black "Zhao, Donovan"]
[Result "1-0"]
[WhiteElo "1839"]
[BlackElo "1520"]
[PlyCount "56"]
[GameId "2160767910413046"]
[EventDate "2008.03.21"]
[EventType "swiss"]
[EventRounds "6"]
[EventCountry "CAN"]

1. e4 d6 2. d4 Nf6 3. Nc3 g6 4. f3 c6 5. Be3 b5 6. Qd2 Nbd7 7. h4 h5 8. Nh3 Qc7 9. d5 a6 10. Nf2 c5 11. Ne2 Bb7 12. Nf4 Bg7 13. Be2 Nb6 14. O-O O-O-O 15. c3 Nfd7 16. N2d3 Nc4 17. Qc1 Nxe3 18. Qxe3 Nb6 19. Nc1 b4 20. Nb3 bxc3 21. bxc3 Kb8 22. Rab1 Ka7 23. Na5 Rb8 24. Nxb7 Rxb7 25. Qd3 Ka8 26. Bd1 Nd7 27. Ba4 Rhb8 28. Bc6 Nb6 1-0

[Event "Grand Pacific op"]
[Site "Victoria CAN"]
[Date "2008.03.24"]
[Round "6.23"]
[White "Doknjas, John"]
[Black "Datcu-Romano, Anca"]
[Result "0-1"]
[WhiteElo "1406"]
[BlackElo "1815"]
[PlyCount "70"]
[GameId "2160767910413047"]
[EventDate "2008.03.21"]
[EventType "swiss"]
[EventRounds "6"]
[EventCountry "CAN"]

1. d4 Nf6 2. c4 g6 3. Nc3 Bg7 4. e4 d6 5. f3 O-O 6. Be3 a6 7. Qd2 Re8 8. O-O-O Nc6 9. g4 e5 10. d5 Na7 11. h4 b5 12. Bh6 bxc4 13. Bxc4 c5 14. h5 Nb5 15. Bxg7 Kxg7 16. Nge2 Nd4 17. Nxd4 cxd4 18. Ne2 Qc7 19. b3 a5 20. Kb2 a4 21. Qg5 Qe7 22. hxg6 fxg6 23. Rh6 Nxg4 24. Qxe7+ Rxe7 25. Rh4 Ne3 26. Rdh1 Kg8 27. Bb5 axb3 28. axb3 Ba6 29. Bxa6 Rxa6 30. Nc1 Rf7 31. R4h3 Rc7 32. R1h2 Nd1+ 33. Kb1 Ra8 34. Rc2 Rca7 35. Ra2 Nc3+ 0-1

[Event "Grand Pacific op"]
[Site "Victoria CAN"]
[Date "2008.03.24"]
[Round "6.26"]
[White "Torres-Lopez, Alejandro"]
[Black "Friesen, Yascha"]
[Result "0-1"]
[WhiteElo "1133"]
[BlackElo "1739"]
[PlyCount "44"]
[GameId "2160767910413048"]
[EventDate "2008.03.21"]
[EventType "swiss"]
[EventRounds "6"]
[EventCountry "CAN"]

1. e4 c5 2. Nf3 Nc6 3. Bb5 e6 4. Bxc6 dxc6 5. c4 Ne7 6. O-O Ng6 7. d3 e5 8. Nc3 Be7 9. Be3 O-O 10. Qd2 Bg5 11. Ne1 h6 12. f3 Be6 13. Rd1 Qd7 14. f4 Bg4 15. Ne2 exf4 16. Bxf4 Nxf4 17. Rxf4 Bxf4 18. Nf3 Bxf3 19. gxf3 f5 20. Rf1 Rae8 21. Kg2 Bxd2 22. Nf4 fxe4 0-1

[Event "Grand Pacific op"]
[Site "Victoria CAN"]
[Date "2008.03.24"]
[Round "6.27"]
[White "St Louis, Peter"]
[Black "Wright, Ivo"]
[Result "1-0"]
[WhiteElo "1654"]
[BlackElo "1113"]
[PlyCount "121"]
[GameId "2160767910413049"]
[EventDate "2008.03.21"]
[EventType "swiss"]
[EventRounds "6"]
[EventCountry "CAN"]

1. Nf3 g6 2. d4 Bg7 3. Bf4 d6 4. e4 Bg4 5. h3 Bxf3 6. Qxf3 Nf6 7. Nd2 Nc6 8. Bb5 O-O 9. c3 Rb8 10. O-O-O a6 11. Bxc6 bxc6 12. e5 dxe5 13. dxe5 Nd5 14. Nb3 e6 15. c4 g5 16. Bg3 a5 17. cxd5 cxd5 18. h4 a4 19. Nd4 Qe7 20. Qc3 Rb6 21. hxg5 Qxg5+ 22. f4 Qe7 23. Bf2 Rb7 24. Nc6 Qd7 25. g4 f5 26. g5 Ra8 27. a3 Rb3 28. Qc2 Ra6 29. Nd4 Rb7 30. Rd3 c5 31. Ne2 c4 32. Rdh3 Bf8 33. Nc3 Rb3 34. Bd4 Rb7 35. Qf2 Rc6 36. Nxa4 Rb3 37. Nc5 Rxh3 38. Rxh3 Qe7 39. Na4 Ra6 40. Bc5 Qf7 41. Nc3 Rc6 42. Bxf8 Qxf8 43. Rh6 Qg7 44. Nxd5 Qxh6 45. gxh6 exd5 46. Qa7 Rxh6 47. Qa8+ Kg7 48. Qxd5 Rh3 49. Qxc4 Rh1+ 50. Kc2 Rh2+ 51. Kc3 Rh3+ 52. Kb4 h5 53. Qc7+ Kh6 54. Qd6+ Kg7 55. Qf6+ Kg8 56. Qxf5 Rf3 57. Qxh5 Rxf4+ 58. Kc5 Rf1 59. Kd6 Kf8 60. e6 Rf6 61. Qh8# 1-0

[Event "Grand Pacific op"]
[Site "Victoria CAN"]
[Date "2008.03.24"]
[Round "6.28"]
[White "Martin, Nathan"]
[Black "Monahan, Darby"]
[Result "1-0"]
[WhiteElo "1310"]
[BlackElo "1770"]
[PlyCount "67"]
[GameId "2160767910413050"]
[EventDate "2008.03.21"]
[EventType "swiss"]
[EventRounds "6"]
[EventCountry "CAN"]

1. c4 Nf6 2. d4 e6 3. Nf3 d5 4. e3 Be7 5. Nbd2 c6 6. Bd3 dxc4 7. Nxc4 Nbd7 8. O-O O-O 9. b3 b5 10. Nce5 Bb7 11. a3 Nxe5 12. Nxe5 Nd7 13. Nf3 a6 14. b4 a5 15. Bd2 axb4 16. Bxb4 Bxb4 17. axb4 Rxa1 18. Qxa1 Qc7 19. Qb1 h6 20. Rc1 Qd6 21. Qb2 Ra8 22. Ne1 Ra4 23. Nc2 Nb6 24. Ra1 Rxa1+ 25. Qxa1 Qb8 26. Qa5 Nd5 27. g3 Qa8 28. Qxa8+ Bxa8 29. e4 Nb6 30. e5 Kf8 31. Be4 Nc4 32. Na1 f6 33. f4 f5 34. Bg2 1-0

[Event "Grand Pacific op"]
[Site "Victoria CAN"]
[Date "2008.03.24"]
[Round "6.29"]
[White "Polonsky, Boris"]
[Black "Wong, Justin"]
[Result "1/2-1/2"]
[WhiteElo "1434"]
[BlackElo "1080"]
[PlyCount "38"]
[GameId "2160767910413051"]
[EventDate "2008.03.21"]
[EventType "swiss"]
[EventRounds "6"]
[EventCountry "CAN"]

1. d4 d5 2. e3 a6 3. Nf3 Nf6 4. Nbd2 Bf5 5. Ne5 Qd6 6. c4 c6 7. Ndf3 Qb4+ 8. Qd2 e6 9. a3 Qxd2+ 10. Bxd2 Ne4 11. Nh4 Bd6 12. Nxf5 exf5 13. cxd5 cxd5 14. Nf3 O-O 15. g3 Nd7 16. Bg2 Ndf6 17. h3 Rac8 18. O-O Rc2 19. Bc1 Re2 1/2-1/2

[Event "Grand Pacific op"]
[Site "Victoria CAN"]
[Date "2008.03.24"]
[Round "6.30"]
[White "Stewart, Deron"]
[Black "Lee, Daniel"]
[Result "1-0"]
[WhiteElo "1523"]
[BlackElo "1017"]
[PlyCount "49"]
[GameId "2160767910413052"]
[EventDate "2008.03.21"]
[EventType "swiss"]
[EventRounds "6"]
[EventCountry "CAN"]

1. e4 c5 2. Nc3 Nc6 3. f4 e5 4. Nf3 exf4 5. Bc4 Nd4 6. O-O d6 7. Nxd4 cxd4 8. Nd5 Nf6 9. d3 Nxd5 10. Bxd5 g5 11. Qh5 Qe7 12. h4 h6 13. hxg5 Qxg5 14. Qxf7+ Kd8 15. Bxf4 Qg4 16. Bd2 b6 17. Qf6+ Kd7 18. Qxh8 Be7 19. Qxh6 Rb8 20. Rf7 Qe2 21. Qh7 Qxd2 22. Rxe7+ Kd8 23. Rf1 Qh6 24. Qg8+ Kxe7 25. Rf7# 1-0

[Event "Grand Pacific op"]
[Site "Victoria CAN"]
[Date "2008.03.24"]
[Round "6.31"]
[White "Rhodes, Tim"]
[Black "Evans, David"]
[Result "1-0"]
[WhiteElo "1459"]
[BlackElo "1165"]
[PlyCount "53"]
[GameId "2160767910413053"]
[EventDate "2008.03.21"]
[EventType "swiss"]
[EventRounds "6"]
[EventCountry "CAN"]

1. e4 e5 2. Nf3 d6 3. Be2 Nf6 4. Nc3 Nc6 5. O-O g6 6. d4 Nxd4 7. Nxd4 exd4 8. Qxd4 Be6 9. Bg5 Bg7 10. Rad1 O-O 11. Qd3 h6 12. Bh4 a6 13. h3 g5 14. Bg3 Nd7 15. f4 Nc5 16. Qe3 Bxc3 17. bxc3 f6 18. Qf3 Qe7 19. Bf2 Rad8 20. Bxc5 dxc5 21. c4 Rd4 22. Rxd4 cxd4 23. Bd3 Qc5 24. Qe2 gxf4 25. Rxf4 Bxh3 26. gxh3 Qg5+ 27. Rg4 1-0